Scientist or Species? Quiz Stats

 Plays Quiz Updated Apr 10, 2019

Score 0/20 Timer 05:00
1 Play Today
% Correct
Scientist
88.8%
Scientist
85.9%
Species
82.5%
Scientist
81.5%
Scientist
79.4%
Scientist
78.7%
Scientist
77.5%
Species
77.4%
Species
77.3%
Scientist
77.1%
% Correct
Species
75.5%
Species
74.4%
Scientist
70.1%
Species
64.2%
Scientist
63.6%
Species
59%
Species
54.2%
Scientist
53.4%
Species
50.6%
Species
49.6%

You're not logged in!

Compare scores with friends on all Sporcle quizzes.
OR
Log In

Sporcle TV

Today on Sporcle TV


Watch our educational content, quiz creation guides, and fun videos on Sporcle TV.

Show Comments

Extras

Top Quizzes Today


Score Distribution

Your Account Isn't Verified!

In order to create a playlist on Sporcle, you need to verify the email address you used during registration. Go to your Sporcle Settings to finish the process.

Report this User

Report this user for behavior that violates our Community Guidelines.

Details: